00277pab a2200121 454500008004000000100001500040245003800055260000900093300000800102362001100110650001500121773001900136180718b1999 xxu||||| |||| 00| 0 eng d aVittal, N. aCorruption as AIDS of the society c1999 ap.6 a24 May aCorruption aEconomic Times